[Event "Women's Speed Chess GP4"]
[Site "chess.com INT"]
[Date "2020.07.15"]
[Round "1.1"]
[White "Hou, Yifan"]
[Black "Ning, Kaiyu"]
[Result "1-0"]
[WhiteTitle "GM"]
[BlackTitle "WIM"]
[WhiteElo "2658"]
[BlackElo "2327"]
[WhiteFideId "8602980"]
[BlackFideId "8614750"]
[EventDate "2020.07.15"]
[EventType "k.o. blitz"]

1. e4 e6 2. d4 d5 3. Nc3 Nf6 4. e5 Nfd7 5. Nce2 c5 6. c3 Nc6 7. Nf3 Be7 8. Nf4
Qa5 9. a3 Nxd4 10. Nxd4 cxd4 11. Qxd4 Bc5 12. Qd1 Qc7 13. Nd3 Nxe5 14. Nxc5 Qxc5
15. Be3 Qc7 16. Be2 O-O 17. O-O b6 18. Qd4 Nc6 19. Qh4 e5 20. Rad1 Be6 21. f4
exf4 22. Bd3 f5 23. Bxf4 Qf7 24. Qg3 Rad8 25. Bb5 Ne7 26. h3 Ng6 27. Bg5 Rc8 28.
Rd4 Qc7 29. Qxc7 Rxc7 30. Re1 Kf7 31. h4 h6 32. Bd2 Rc5 33. Bd3 Re8 34. h5 Ne7
35. Rf4 Rc7 36. Rf2 Rc6 37. Bb5 Rec8 38. Bxc6 Rxc6 39. Rfe2 Ng8 40. b4 Nf6 41.
b5 Rd6 42. Bf4 1-0

[Event "Women's Speed Chess GP4"]
[Site "chess.com INT"]
[Date "2020.07.15"]
[Round "1.2"]
[White "Ning, Kaiyu"]
[Black "Hou, Yifan"]
[Result "0-1"]
[WhiteTitle "WIM"]
[BlackTitle "GM"]
[WhiteElo "2327"]
[BlackElo "2658"]
[WhiteFideId "8614750"]
[BlackFideId "8602980"]
[EventDate "2020.07.15"]
[EventType "k.o. blitz"]

1. d4 e6 2. c4 b6 3. e4 Bb7 4. Bd3 Bb4+ 5. Bd2 Bxd2+ 6. Nxd2 d6 7. Ne2 e5 8. d5
Nd7 9. O-O a5 10. a3 Nc5 11. Bc2 a4 12. Nc3 Qd7 13. Nb5 Ne7 14. Nb1 O-O 15. N1c3
f5 16. exf5 Nxf5 17. Nxa4 Nd4 18. Nxc5 bxc5 19. Nxd4 cxd4 20. b4 c6 21. Be4 cxd5
22. cxd5 Ba6 23. Re1 Bb5 24. Bc2 Qf7 25. Qd2 Ba4 26. Be4 Bb3 27. Qd3 Bxd5 28.
Bxh7+ Kh8 29. Qh3 Qxf2+ 30. Kh1 Bxg2+ 31. Qxg2 Qxg2+ 32. Kxg2 Kxh7 33. Rec1 Ra4
34. Rc6 Rfa8 35. Rxd6 Rxb4 36. Re1 Rb2+ 37. Kg1 Rxa3 38. Rd5 Raa2 39. Rdxe5 Rg2+
40. Kf1 Raf2# 0-1

[Event "Women's Speed Chess GP4"]
[Site "chess.com INT"]
[Date "2020.07.15"]
[Round "1.3"]
[White "Hou, Yifan"]
[Black "Ning, Kaiyu"]
[Result "1-0"]
[WhiteTitle "GM"]
[BlackTitle "WIM"]
[WhiteElo "2658"]
[BlackElo "2327"]
[WhiteFideId "8602980"]
[BlackFideId "8614750"]
[EventDate "2020.07.15"]
[EventType "k.o. blitz"]

1. e4 e6 2. d4 d5 3. Nc3 Nf6 4. e5 Nfd7 5. f4 c5 6. Nf3 Nc6 7. Be3 cxd4 8. Nxd4
Qb6 9. a3 Bc5 10. Na4 Qa5+ 11. c3 Bxd4 12. Bxd4 Nxd4 13. Qxd4 O-O 14. Bd3 b6 15.
Bc2 Ba6 16. b4 Qb5 17. Qd2 Rac8 18. Nb2 Qc6 19. Rc1 f6 20. a4 Bb7 21. exf6 Rxf6
22. O-O Rcf8 23. Qd4 Qc7 24. Nd3 Ba6 25. Rf3 Bxd3 26. Qxd3 g6 27. Qe3 Kg7 28.
Rcf1 Qd6 29. Re1 Re8 30. Qd4 Kg8 31. Bb3 Re7 32. g3 Rf5 33. Rfe3 Qc6 34. g4 Rff7
35. Bxd5 Qd6 36. Bxe6 Qxd4 37. cxd4 Rxe6 38. Rxe6 Rxf4 39. R1e4 Rf3 40. Re8+ Nf8
41. Kg2 Ra3 42. Rf4 1-0

[Event "Women's Speed Chess GP4"]
[Site "chess.com INT"]
[Date "2020.07.15"]
[Round "1.4"]
[White "Ning, Kaiyu"]
[Black "Hou, Yifan"]
[Result "0-1"]
[WhiteTitle "WIM"]
[BlackTitle "GM"]
[WhiteElo "2327"]
[BlackElo "2658"]
[WhiteFideId "8614750"]
[BlackFideId "8602980"]
[EventDate "2020.07.15"]
[EventType "k.o. blitz"]

1. d4 Nf6 2. c4 e6 3. g3 d5 4. Bg2 Bb4+ 5. Bd2 Bd6 6. Nc3 c6 7. e4 dxe4 8. Nxe4
Be7 9. Bc3 Nbd7 10. Qc2 Nxe4 11. Bxe4 Nf6 12. Bg2 Qc7 13. Nf3 O-O 14. O-O-O b5
15. Ne5 bxc4 16. Ba5 Qxa5 17. Nxc6 Qxa2 18. Nxe7+ Kh8 19. Bxa8 c3 20. bxc3 Qa3+
21. Kd2 Qxe7 22. Ra1 e5 23. Rhe1 Be6 24. Bf3 exd4 25. cxd4 Rd8 26. Qc3 h6 27.
Re3 Qd7 28. Ke1 Nd5 29. Bxd5 Bxd5 30. Qc5 Qh3 31. Rxa7 Qxh2 32. Qe7 Qh1+ 33. Ke2
Bc4+ 34. Kd2 Rxd4+ 35. Kc3 Qd1 36. Ra8+ Kh7 37. Qa3 Qd2# 0-1

[Event "Women's Speed Chess GP4"]
[Site "chess.com INT"]
[Date "2020.07.15"]
[Round "1.5"]
[White "Hou, Yifan"]
[Black "Ning, Kaiyu"]
[Result "1-0"]
[WhiteTitle "GM"]
[BlackTitle "WIM"]
[WhiteElo "2658"]
[BlackElo "2327"]
[WhiteFideId "8602980"]
[BlackFideId "8614750"]
[EventDate "2020.07.15"]
[EventType "k.o. blitz"]

1. e4 e6 2. d4 d5 3. Nc3 Nf6 4. Bg5 dxe4 5. Nxe4 Be7 6. Nxf6+ Bxf6 7. Bxf6 Qxf6
8. Nf3 O-O 9. Bd3 c5 10. Qe2 cxd4 11. Qe4 g6 12. Qxd4 e5 13. Qc3 Nc6 14. Be4 Bg4
15. O-O Rac8 16. Qe3 Rfe8 17. c3 a6 18. Rad1 Bf5 19. Rfe1 Kg7 20. h3 h6 21. a4
Kh7 22. Bxf5 Qxf5 23. Nd2 Rcd8 24. Ne4 Rxd1 25. Rxd1 Rd8 26. Rxd8 Nxd8 27. g3
Nc6 28. Kg2 Qe6 29. Qf3 Kg7 30. Nc5 Qe7 31. Qd5 Qc7 32. b4 Ne7 33. Qxb7 Qd6 34.
Qe4 Nd5 35. Qd3 Qc6 36. Qe4 Qd6 37. Nd3 Nxc3 38. Qxe5+ Qxe5 39. Nxe5 Nxa4 40.
Kf3 Nb6 41. Ke4 Kf6 42. Nd3 Ke7 43. Kd4 Nd7 44. Nc5 Nb8 45. Kd5 h5 46. h4 f6 47.
Ne4 Nd7 48. Nc5 Nb8 49. f3 g5 50. Ne4 gxh4 51. gxh4 Nd7 52. Ng3 Nb6+ 53. Kc6 Nc4
54. f4 Nd2 55. Nxh5 Nf3 56. Ng3 Nxh4 57. Kb6 Nf3 58. Kxa6 Nd4 59. b5 Kd6 60.
Ne4+ Kc7 61. Nxf6 Ne6 62. Nd5+ Kb8 63. Kb6 Nf8 64. f5 Nd7+ 65. Kc6 Ne5+ 66. Kd6
Nc4+ 67. Ke6 Kb7 68. f6 1-0

[Event "Women's Speed Chess GP4"]
[Site "chess.com INT"]
[Date "2020.07.15"]
[Round "1.6"]
[White "Ning, Kaiyu"]
[Black "Hou, Yifan"]
[Result "0-1"]
[WhiteTitle "WIM"]
[BlackTitle "GM"]
[WhiteElo "2327"]
[BlackElo "2658"]
[WhiteFideId "8614750"]
[BlackFideId "8602980"]
[EventDate "2020.07.15"]
[EventType "k.o. blitz"]

1. d4 Nf6 2. c4 e6 3. g3 d5 4. Bg2 Be7 5. Nf3 O-O 6. Nc3 dxc4 7. Ne5 Qd6 8. O-O
Qa6 9. a4 c6 10. Bg5 Nbd7 11. Nxd7 Bxd7 12. e4 h6 13. Bxf6 Bxf6 14. e5 Be7 15.
Ne4 Qa5 16. Qe2 c5 17. dxc5 Bc6 18. Qxc4 Bxe4 19. Qxe4 Bxc5 20. Rfc1 Rad8 21.
Qc4 Bb6 22. Rc2 Qxe5 23. Bxb7 Rd4 24. Qe2 Qa5 25. Be4 Rfd8 26. Rac1 g6 27. Qf3
Rd2 28. Rxd2 Rxd2 29. Rf1 Qxa4 30. h4 h5 31. Kg2 Rxb2 32. Qf4 Qd4 33. Qf3 Kg7
34. Bb1 a5 35. Be4 a4 36. Bb1 Qb4 0-1

[Event "Women's Speed Chess GP4"]
[Site "chess.com INT"]
[Date "2020.07.15"]
[Round "1.7"]
[White "Hou, Yifan"]
[Black "Ning, Kaiyu"]
[Result "1-0"]
[WhiteTitle "GM"]
[BlackTitle "WIM"]
[WhiteElo "2658"]
[BlackElo "2327"]
[WhiteFideId "8602980"]
[BlackFideId "8614750"]
[EventDate "2020.07.15"]
[EventType "k.o. blitz"]

1. e4 e6 2. d4 d5 3. Nd2 c5 4. exd5 Qxd5 5. Ngf3 cxd4 6. Bc4 Qd6 7. O-O Nf6 8.
Nb3 Nc6 9. Nbxd4 Nxd4 10. Nxd4 a6 11. Re1 Qc7 12. Bf1 Be7 13. g3 O-O 14. Bg2 Rd8
15. Bf4 Qb6 16. c3 Qxb2 17. Qf3 Nd5 18. Rad1 Qxc3 19. Nf5 Bf6 20. Nd6 Qxf3 21.
Bxf3 Nxf4 22. gxf4 Rb8 23. Nxc8 Rdxc8 24. Rd7 b5 25. f5 exf5 26. Bd5 Rf8 27. Ra7
Rbd8 28. Rd1 g5 29. Rxa6 Kg7 30. Rb6 Kg6 31. Rxb5 Rfe8 32. Kg2 Re5 33. a4 Re2
34. Rb6 Kg7 35. Bf3 Ra2 36. Rxd8 Bxd8 37. Rb4 Be7 38. Rb5 g4 39. Bc6 Rxa4 40.
Rxf5 Rc4 41. Bd5 Bf6 42. Bxc4 1-0

[Event "Women's Speed Chess GP4"]
[Site "chess.com INT"]
[Date "2020.07.15"]
[Round "1.8"]
[White "Ning, Kaiyu"]
[Black "Hou, Yifan"]
[Result "1/2-1/2"]
[WhiteTitle "WIM"]
[BlackTitle "GM"]
[WhiteElo "2327"]
[BlackElo "2658"]
[WhiteFideId "8614750"]
[BlackFideId "8602980"]
[EventDate "2020.07.15"]
[EventType "k.o. blitz"]

1. d4 Nf6 2. c4 e6 3. g3 d5 4. Bg2 Be7 5. Nf3 O-O 6. Nc3 dxc4 7. Ne5 c5 8. dxc5
Qxd1+ 9. Nxd1 Bxc5 10. O-O Nc6 11. Bxc6 bxc6 12. Be3 Bxe3 13. Nxe3 Rb8 14. N3xc4
Ba6 15. b3 Bxc4 16. Nxc4 Rfc8 17. Rac1 Kf8 18. Ne5 c5 19. Rfd1 Ke7 20. Rc4 Rb4
21. Rdc1 Rxc4 22. Rxc4 Nd7 23. Nd3 Kd6 24. b4 Rc7 25. b5 a6 26. bxa6 Ra7 27. Ra4
Nb8 28. Ra5 Rxa6 29. Rxc5 Rxa2 30. Rc8 Nd7 31. e3 Nf6 32. Kg2 h6 33. h3 Ra7 34.
Kf3 Ke7 35. Ne5 Rb7 36. Ra8 Kd6 37. Nc4+ Ke7 38. g4 Nd5 39. h4 Nb6 40. Nxb6 Rxb6
41. Ra7+ Kf6 42. Kf4 g5+ 43. hxg5+ hxg5+ 44. Kg3 Rb3 45. Ra4 Rc3 46. Rb4 Ra3 47.
Rc4 Rb3 48. Ra4 Rc3 49. Rb4 Ra3 50. Rc4 Rb3 51. Ra4 1/2-1/2

[Event "Women's Speed Chess GP4"]
[Site "chess.com INT"]
[Date "2020.07.15"]
[Round "1.9"]
[White "Hou, Yifan"]
[Black "Ning, Kaiyu"]
[Result "0-1"]
[WhiteTitle "GM"]
[BlackTitle "WIM"]
[WhiteElo "2658"]
[BlackElo "2327"]
[WhiteFideId "8602980"]
[BlackFideId "8614750"]
[EventDate "2020.07.15"]
[EventType "k.o. blitz"]

1. e4 e6 2. d4 d5 3. Nc3 Nf6 4. e5 Nfd7 5. f4 c5 6. Nf3 Nc6 7. Be3 cxd4 8. Nxd4
Qb6 9. Qd2 Qxb2 10. Rb1 Qa3 11. Bb5 Nxd4 12. Bxd4 a6 13. Bxd7+ Bxd7 14. Rb3 Qe7
15. Rxb7 Rc8 16. O-O Qd8 17. f5 exf5 18. Ne2 Bc5 19. Bxc5 Rxc5 20. Qb4 Rb5 21.
Rxb5 Bxb5 22. Rf2 Qe7 23. Qxe7+ Kxe7 24. Nd4 g6 25. Rf3 Bc4 26. Ra3 Kd7 27. Nb3
Re8 28. Nd2 Bb5 29. Nf3 Rc8 30. Nd4 Bc4 31. Kf2 Rb8 32. Nb3 Ke6 33. Nd2 Bb5 34.
Nf3 Rc8 35. Ke3 Rc4 36. c3 h6 37. Nd4+ Kxe5 38. Nxb5 axb5 39. Kd3 f4 40. Ra7 f6
41. Rb7 Ra4 42. Rxb5 Rxa2 43. c4 Rxg2 44. Rxd5+ Ke6 45. h4 Rh2 46. Ke4 g5 47.
hxg5 hxg5 48. Rd8 Rh3 49. c5 Re3+ 50. Kd4 g4 51. Re8+ Kd7 52. Rf8 Re6 53. Rg8 g3
54. Rg4 f5 55. Rxf4 g2 0-1

[Event "Women's Speed Chess GP4"]
[Site "chess.com INT"]
[Date "2020.07.15"]
[Round "1.10"]
[White "Ning, Kaiyu"]
[Black "Hou, Yifan"]
[Result "0-1"]
[WhiteTitle "WIM"]
[BlackTitle "GM"]
[WhiteElo "2327"]
[BlackElo "2658"]
[WhiteFideId "8614750"]
[BlackFideId "8602980"]
[EventDate "2020.07.15"]
[EventType "k.o. blitz"]

1. d4 Nf6 2. c4 e6 3. g3 d5 4. Bg2 Be7 5. Nf3 O-O 6. Nc3 c6 7. O-O b6 8. Qd3
Nbd7 9. b3 Bb7 10. Rd1 Qc7 11. e4 dxe4 12. Nxe4 Nxe4 13. Qxe4 c5 14. Qe2 cxd4
15. Nxd4 Bxg2 16. Kxg2 Nc5 17. Bf4 Qb7+ 18. Qf3 Qxf3+ 19. Kxf3 Rfc8 20. Nb5 f6
21. Nc7 Rab8 22. b4 e5 23. bxc5 Rxc7 24. cxb6 Rxb6 25. Be3 Rbc6 26. Rac1 Kf7 27.
Rd5 Ke6 28. Ra5 a6 29. c5 f5 30. Ke2 Rb7 31. Rc2 Bd8 32. Ra3 Rb5 33. Rd3 Be7 34.
Rdc3 Rb4 35. Rd2 Ra4 36. a3 g5 37. f3 f4 38. Bf2 h5 39. Rb2 Bd8 40. Rb8 Ba5 41.
Rd3 e4 42. Re8+ Kf7 43. Rxe4 Rxe4+ 44. fxe4 Bc7 45. Rd5 fxg3 46. hxg3 Kg6 47.
Be3 g4 48. Rg5+ Kf7 49. Rxh5 Bxg3 50. Rg5 Re6 51. Rxg4 Be5 52. Rg5 Ke8 53. Rg1
Kd7 54. Rb1 Bc7 55. Rb7 Rxe4 56. Ra7 Ra4 57. Kd2 Kc6 58. Ra8 Rxa3 59. Rh8 Ra2+
60. Kd3 Ra3+ 61. Ke4 a5 62. Rh6+ Kb5 63. Bd4 a4 64. Kd5 Rb3 65. Rh7 Ba5 66. Rb7+
Ka6 67. Re7 Rb7 68. Re6+ Kb5 69. c6 Rc7 70. Be5 Rc8 71. Re7 Rxc6 72. Ra7 Rc5+
73. Kd6 Rc4 74. Kd5 Rc5+ 75. Kd6 Bb6 76. Rb7 Rc6+ 77. Kd5 Rc5+ 78. Kd6 Rc4 79.
Bb2 Rb4 80. Bc1 Ka6 81. Rb8 Bc5+ 82. Kc7 Bd6+ 83. Kxd6 Rxb8 84. Kc5 Rb1 85. Ba3
Rb3 86. Bb4 Rh3 87. Kc4 Rh4+ 88. Kc3 Kb5 89. Bd6 Rh3+ 90. Kb2 Rh2+ 91. Ka3 Rh3+
92. Kb2 Rb3+ 93. Ka2 Rd3 94. Ba3 Kc4 95. Bb2 Rd1 96. Ka3 Kb5 97. Ka2 Kb4 98.
Ba3+ Kc3 99. Bb2+ Kc2 100. Ka3 Rd3+ 101. Ka2 Rb3 102. Be5 Rh3 103. Bd4 Rh4 104.
Be5 Rg4 105. Bf6 Re4 106. Bg7 Kd3 107. Bf6 Kc4 108. Ka3 Kb5 109. Bc3 Re3 110.
Kb2 a3+ 111. Kc2 Ka4 112. Ba1 Re2+ 113. Kb1 Kb3 0-1

[Event "Women's Speed Chess GP4"]
[Site "chess.com INT"]
[Date "2020.07.15"]
[Round "1.1"]
[White "Gunina, Valentina"]
[Black "Pham, Le Thao Nguyen"]
[Result "0-1"]
[WhiteTitle "GM"]
[BlackTitle "IM"]
[WhiteElo "2431"]
[BlackElo "2366"]
[WhiteFideId "4167570"]
[BlackFideId "12401226"]
[EventDate "2020.07.15"]
[EventType "k.o. blitz"]

1. d4 Nf6 2. c4 c6 3. Nf3 d5 4. e3 Bg4 5. Nbd2 e6 6. h3 Bh5 7. g4 Bg6 8. Ne5
Nfd7 9. Nxg6 hxg6 10. Bg2 Nb6 11. Qb3 Qc7 12. e4 dxc4 13. Nxc4 Nxc4 14. Qxc4 Nd7
15. Be3 Qa5+ 16. Bd2 Qc7 17. O-O-O O-O-O 18. Be3 Kb8 19. Kb1 Bd6 20. Qc1 e5 21.
dxe5 Bxe5 22. f4 Bd6 23. e5 Be7 24. Qc4 Rhf8 25. Rhf1 Nb6 26. Qb3 f6 27. Rxd8+
Rxd8 28. Qf7 Bf8 29. Qe6 Qe7 30. Qb3 Nd5 31. Bf2 Qb4 32. Qxb4 Bxb4 33. Rd1 Nc3+
34. bxc3 Rxd1+ 35. Kc2 Ra1 36. exf6 gxf6 37. Kb2 Bxc3+ 38. Kxc3 Rxa2 39. f5 gxf5
40. Bg3+ Ka8 41. g5 fxg5 0-1

[Event "Women's Speed Chess GP4"]
[Site "chess.com INT"]
[Date "2020.07.15"]
[Round "1.2"]
[White "Pham, Le Thao Nguyen"]
[Black "Gunina, Valentina"]
[Result "0-1"]
[WhiteTitle "IM"]
[BlackTitle "GM"]
[WhiteElo "2366"]
[BlackElo "2431"]
[WhiteFideId "12401226"]
[BlackFideId "4167570"]
[EventDate "2020.07.15"]
[EventType "k.o. blitz"]

1. d4 Nf6 2. Nf3 e6 3. Bg5 Be7 4. e3 h6 5. Bh4 b6 6. Nbd2 Bb7 7. c3 O-O 8. Bd3
c5 9. O-O d6 10. Qe2 Nc6 11. Rfe1 d5 12. Rad1 Ne4 13. Bxe7 Nxe7 14. Bb1 Qc7 15.
Ne5 f6 16. Nd3 e5 17. dxe5 fxe5 18. Nxe4 dxe4 19. Nc1 Qc6 20. c4 Rf6 21. Qg4
Raf8 22. Re2 Nf5 23. g3 Rg6 24. Qh3 Bc8 25. Qg2 Rg4 26. Nb3 Nh4 27. Qf1 Nf3+ 28.
Kh1 Qg6 29. Nd2 Ng5 30. Qg2 Qh5 31. Ree1 Bf5 32. h4 Nf3 33. Nxf3 exf3 34. Qh2
Bxb1 35. Rxb1 Rxc4 36. Rbc1 Rxc1 37. Rxc1 Rd8 38. Qh3 Qf7 39. Re1 e4 40. Qg4 Qe7
41. b3 Qe5 42. Kg1 Kh7 43. h5 Rd6 44. Rc1 Qd5 45. Rc4 Re6 46. Rc1 Re5 47. Qg6+
Kh8 48. Rc4 Qd1+ 49. Kh2 Qf1 0-1

[Event "Women's Speed Chess GP4"]
[Site "chess.com INT"]
[Date "2020.07.15"]
[Round "1.3"]
[White "Gunina, Valentina"]
[Black "Pham, Le Thao Nguyen"]
[Result "1-0"]
[WhiteTitle "GM"]
[BlackTitle "IM"]
[WhiteElo "2431"]
[BlackElo "2366"]
[WhiteFideId "4167570"]
[BlackFideId "12401226"]
[EventDate "2020.07.15"]
[EventType "k.o. blitz"]

1. d4 Nf6 2. c4 c6 3. Nf3 d5 4. e3 Bg4 5. Nc3 e6 6. h3 Bh5 7. g4 Bg6 8. Ne5 Nbd7
9. Nxg6 hxg6 10. Qb3 Qb6 11. Bg2 Qb4 12. c5 Qxb3 13. axb3 a6 14. b4 Rc8 15. g5
Ng8 16. e4 Ne7 17. exd5 Nxd5 18. Nxd5 exd5 19. Bf4 Be7 20. h4 f5 21. Kd2 Kf7 22.
b5 axb5 23. Ra7 Nf8 24. Rxb7 Ne6 25. Bd6 Rhe8 26. Re1 Ra8 27. Bh3 Ra4 28. h5
Rxd4+ 29. Kc2 Re4 30. hxg6+ Kf8 31. Rxe4 dxe4 32. b4 Bxd6 33. cxd6 Rd8 34. Rf7+
Kg8 35. Re7 Nxg5 36. Bxf5 Kf8 37. Bd7 Nf3 38. Kc3 Nh4 39. Rf7+ Kg8 40. Be6 Rxd6
41. Rf6+ Rxe6 42. Rxe6 Kf8 43. Rxc6 Ke7 44. Rb6 Nf5 45. Rxb5 Ke6 46. Rxf5 Kxf5
47. b5 1-0

[Event "Women's Speed Chess GP4"]
[Site "chess.com INT"]
[Date "2020.07.15"]
[Round "1.4"]
[White "Pham, Le Thao Nguyen"]
[Black "Gunina, Valentina"]
[Result "1-0"]
[WhiteTitle "IM"]
[BlackTitle "GM"]
[WhiteElo "2366"]
[BlackElo "2431"]
[WhiteFideId "12401226"]
[BlackFideId "4167570"]
[EventDate "2020.07.15"]
[EventType "k.o. blitz"]

1. d4 Nf6 2. Nf3 e6 3. Bg5 c5 4. c3 Qb6 5. Qb3 Qc7 6. e3 Nc6 7. Nbd2 d5 8. Bf4
Bd6 9. Bg3 O-O 10. dxc5 Bxg3 11. hxg3 e5 12. Qc2 h6 13. Bb5 e4 14. Nd4 Ne5 15.
N2b3 Bg4 16. a4 a6 17. Bf1 Nfd7 18. Qd2 Rfd8 19. a5 Nxc5 20. Nxc5 Qxc5 21. Nb3
Qe7 22. Qd4 Nc6 23. Qc5 Qf6 24. Be2 Ne5 25. Qd4 Bxe2 26. Kxe2 Qf5 27. Rh4 Nd3
28. f4 Nxb2 29. g4 Qd7 30. Rah1 Qb5+ 31. Kf2 Qxb3 32. Rxh6 f6 33. Rh8+ Kf7 34.
R8h7 Nd3+ 35. Kg3 Qb2 36. R1h6 Rd6 37. g5 Qf2+ 38. Kh2 Nxf4 39. Rxf6+ Kg8 40.
Rxg7+ Kh8 41. Rxf4 1-0

[Event "Women's Speed Chess GP4"]
[Site "chess.com INT"]
[Date "2020.07.15"]
[Round "1.5"]
[White "Gunina, Valentina"]
[Black "Pham, Le Thao Nguyen"]
[Result "0-1"]
[WhiteTitle "GM"]
[BlackTitle "IM"]
[WhiteElo "2431"]
[BlackElo "2366"]
[WhiteFideId "4167570"]
[BlackFideId "12401226"]
[EventDate "2020.07.15"]
[EventType "k.o. blitz"]

1. e4 c6 2. Nf3 d5 3. Nc3 Bg4 4. h3 Bxf3 5. Qxf3 e6 6. Be2 Nd7 7. O-O Ngf6 8. d3
Be7 9. Qg3 O-O 10. e5 Ne8 11. f4 f5 12. exf6 Nexf6 13. Qe3 Kh8 14. d4 Bb4 15.
Bd3 Re8 16. Ne2 Nf8 17. c3 Bd6 18. Bd2 Qc7 19. b4 a6 20. Rae1 b5 21. Kh1 a5 22.
a3 Qf7 23. Ng1 Ng6 24. Qf2 Nh5 25. Nf3 Ngxf4 26. Ng5 Qc7 27. Qh4 h6 28. Bxf4
Nxf4 29. Bb1 Re7 30. g3 Ng6 31. Re3 Nxh4 32. gxh4 hxg5 33. hxg5 Bf4 0-1

[Event "Women's Speed Chess GP4"]
[Site "chess.com INT"]
[Date "2020.07.15"]
[Round "1.6"]
[White "Pham, Le Thao Nguyen"]
[Black "Gunina, Valentina"]
[Result "0-1"]
[WhiteTitle "IM"]
[BlackTitle "GM"]
[WhiteElo "2366"]
[BlackElo "2431"]
[WhiteFideId "12401226"]
[BlackFideId "4167570"]
[EventDate "2020.07.15"]
[EventType "k.o. blitz"]

1. d4 Nf6 2. Nf3 e6 3. Bg5 b6 4. e3 Bb7 5. Nbd2 Be7 6. Bd3 h6 7. Bh4 c5 8. c3
O-O 9. O-O d5 10. Ne5 Nbd7 11. f4 Ne4 12. Bxe7 Qxe7 13. Nxd7 Qxd7 14. Bxe4 dxe4
15. Nc4 Qd5 16. Ne5 Rfd8 17. Qh5 Rf8 18. f5 exf5 19. Qxf5 cxd4 20. cxd4 Rac8 21.
Rf2 f6 22. Ng6 Qxf5 23. Ne7+ Kf7 24. Nxf5 Rfd8 25. h4 Rc7 26. Rd1 Bd5 27. a3 Bb3
28. Rdd2 Be6 29. Kh2 Rc1 30. Ng3 Bd5 31. h5 Rdc8 32. Nf5 R8c6 33. Rf4 R6c2 34.
Rff2 Rxd2 35. Rxd2 a5 36. Rf2 a4 37. Kg3 Rh1 38. Rc2 Rxh5 39. Rc7+ Kf8 40. Rc8+
Kf7 41. Rc7+ Kg8 42. Kf4 Bf7 43. Ne7+ Kh7 44. Kxe4 Rg5 45. Kf3 Bh5+ 46. Kf2 Rb5
47. d5 Rxb2+ 48. Kg3 Rd2 49. e4 Bg6 50. Nf5 Bxf5 51. exf5 Rxd5 52. Kf4 Rd4+ 53.
Ke3 Rd5 54. Ke4 Rb5 55. Ra7 Re5+ 56. Kf4 b5 57. Rb7 h5 58. Ra7 Rc5 59. Ra8 Rc4+
60. Kg3 Rc3+ 61. Kh4 Rxa3 62. Kxh5 Re3 63. Rb8 Rb3 0-1

[Event "Women's Speed Chess GP4"]
[Site "chess.com INT"]
[Date "2020.07.15"]
[Round "1.7"]
[White "Gunina, Valentina"]
[Black "Pham, Le Thao Nguyen"]
[Result "1/2-1/2"]
[WhiteTitle "GM"]
[BlackTitle "IM"]
[WhiteElo "2431"]
[BlackElo "2366"]
[WhiteFideId "4167570"]
[BlackFideId "12401226"]
[EventDate "2020.07.15"]
[EventType "k.o. blitz"]

1. d4 Nf6 2. c4 c6 3. Nc3 d5 4. Nf3 dxc4 5. a4 Bf5 6. e3 e6 7. Bxc4 Bb4 8. O-O
Nbd7 9. Qe2 Bg6 10. Ne5 Nxe5 11. dxe5 Nd7 12. Rd1 Qc7 13. f4 O-O 14. Na2 Be7 15.
Bd2 a5 16. Be1 Nc5 17. b3 Rfd8 18. h3 h6 19. Rd4 Qb6 20. Rad1 Ne4 21. Kh2 Bc5
22. Rxd8+ Rxd8 23. Rxd8+ Qxd8 24. Nc1 Qb6 25. Nd3 Bxe3 26. g4 Bd4 27. Qf3 Nc5
28. f5 Nxd3 29. fxg6 Bxe5+ 30. Kh1 Nf4 31. gxf7+ Kxf7 32. Bf2 Qb4 33. Qe3 Qc3
34. Qxc3 Bxc3 35. h4 g5 36. hxg5 hxg5 37. Bb6 Ng6 38. Kg2 Ne5 39. Be2 Ng6 40.
Kf3 Ne7 41. Bd8 Bf6 42. Bxa5 Nd5 43. Bd2 Be7 44. Bc4 Kf6 45. Ke4 Bc5 46. Bc1 Bf2
47. Bb2+ Kf7 48. a5 Be1 49. a6 bxa6 50. Bxa6 Bg3 51. Bb7 Ne7 52. Ba3 Bf2 53. Bc1
Bh4 54. Be3 Kf6 55. Bd4+ Kf7 56. Bc5 Bg3 57. b4 Bf4 58. Bxe7 Kxe7 59. Bxc6 Kd6
60. b5 Kc7 61. Kf3 e5 62. Ke4 Kb6 63. Kf5 Kc7 64. Ke4 Kb6 65. Bd7 Kc7 66. Bc6 1/2-1/2

[Event "Women's Speed Chess GP4"]
[Site "chess.com INT"]
[Date "2020.07.15"]
[Round "1.8"]
[White "Pham, Le Thao Nguyen"]
[Black "Gunina, Valentina"]
[Result "0-1"]
[WhiteTitle "IM"]
[BlackTitle "GM"]
[WhiteElo "2366"]
[BlackElo "2431"]
[WhiteFideId "12401226"]
[BlackFideId "4167570"]
[EventDate "2020.07.15"]
[EventType "k.o. blitz"]

1. d4 Nf6 2. Nf3 d5 3. Bf4 c5 4. e3 Nc6 5. Nbd2 e6 6. c3 Bd6 7. Bg3 O-O 8. Bd3
Qe7 9. Ne5 cxd4 10. exd4 Nd7 11. Nxd7 Qxd7 12. Nf3 h6 13. O-O b6 14. Re1 Bb7 15.
Qe2 Bxg3 16. hxg3 Qd6 17. Rad1 Rae8 18. Bb1 Ne7 19. Ne5 f6 20. Qc2 fxe5 21. Qh7+
Kf7 22. dxe5 Qc7 23. Rd4 Nf5 24. Rf4 Ke7 25. Bxf5 Rxf5 26. Rxf5 exf5 27. Qxg7+
Kd8 28. Qxh6 Qe7 29. Qg6 Qe6 30. Qg5+ Kc8 31. f4 Rg8 32. Qh4 Kb8 33. Re3 a6 34.
Rd3 Ka7 35. Rd4 Qg6 36. Kf2 Qe6 37. Qh5 Qd7 38. Qe2 Qg7 39. Qf3 Qh6 40. Qd3 Qh2
41. b3 Rg7 42. a4 a5 43. b4 axb4 44. cxb4 Rc7 45. a5 Rc1 46. axb6+ Kb8 47. g4
Qh4+ 0-1

[Event "Women's Speed Chess GP4"]
[Site "chess.com INT"]
[Date "2020.07.15"]
[Round "1.9"]
[White "Gunina, Valentina"]
[Black "Pham, Le Thao Nguyen"]
[Result "1-0"]
[WhiteTitle "GM"]
[BlackTitle "IM"]
[WhiteElo "2431"]
[BlackElo "2366"]
[WhiteFideId "4167570"]
[BlackFideId "12401226"]
[EventDate "2020.07.15"]
[EventType "k.o. blitz"]

1. e4 c6 2. Nf3 d5 3. d3 Bg4 4. h3 Bxf3 5. Qxf3 e6 6. Be2 Nd7 7. O-O Ngf6 8. Nc3
Bd6 9. Bf4 Qb8 10. Bxd6 Qxd6 11. d4 dxe4 12. Nxe4 Nxe4 13. Qxe4 Nf6 14. Qe3 O-O
15. c3 Rfe8 16. Rad1 h6 17. Bd3 Qd5 18. Bb1 Rad8 19. Rfe1 a6 20. f4 Qh5 21. Qf2
Nd5 22. Rd2 f5 23. Rde2 Qf7 24. Re5 Rd6 25. Bxf5 Re7 26. Bb1 Qxf4 27. Qe2 Qf6
28. Rf1 Nf4 29. Qe4 g5 30. g3 Nxh3+ 31. Kg2 Qg7 32. Kxh3 Rd5 33. Rxe6 g4+ 34.
Kg2 Rdd7 35. Bc2 1-0

[Event "Women's Speed Chess GP4"]
[Site "chess.com INT"]
[Date "2020.07.15"]
[Round "1.10"]
[White "Pham, Le Thao Nguyen"]
[Black "Gunina, Valentina"]
[Result "0-1"]
[WhiteTitle "IM"]
[BlackTitle "GM"]
[WhiteElo "2366"]
[BlackElo "2431"]
[WhiteFideId "12401226"]
[BlackFideId "4167570"]
[EventDate "2020.07.15"]
[EventType "k.o. blitz"]

1. d4 d5 2. Nf3 c6 3. Bf4 Nf6 4. e3 Bf5 5. c4 e6 6. Nc3 Nbd7 7. Qb3 Qc8 8. h3
Be7 9. Be2 O-O 10. O-O b6 11. Rac1 Qb7 12. Ne5 Nxe5 13. Bxe5 Nd7 14. Bg3 h6 15.
Rfe1 Rac8 16. Bf3 Qa6 17. Be2 Qa5 18. Bf1 Rfd8 19. e4 dxe4 20. Nxe4 Nf6 21.
Nxf6+ Bxf6 22. Be5 Bxe5 23. Rxe5 Qd2 24. Rd1 Qf4 25. Qe3 Qxe3 26. Rxe3 Rd7 27.
g4 Bg6 28. Bg2 Rcd8 29. Bxc6 Rxd4 30. Rxd4 Rxd4 31. Bb5 Bb1 32. Ra3 a5 33. Ba6
Rd6 34. Bb5 Rd2 35. Rb3 Bxa2 36. Ra3 Rxb2 37. Kg2 Bb1 38. Kf3 g5 39. Ke3 Kg7 40.
Rc3 Kf6 41. Ba4 Rb4 42. Bc6 a4 43. Kd4 Ba2 44. Bb5 Rb2 45. Bxa4 Rxf2 46. Bc6
Rf4+ 47. Ke3 Rxc4 48. Rxc4 Bxc4 49. Kd4 Bf1 0-1